000 00987nam a22002537a 4500
001 47423
003 BD-RjUL
005 20211209054318.0
008 160808s1992 bg ||||| |||| 00| 0 ben d
020 _c: TK 120.00
035 _a(BD-RjUL)47542
040 _aBD-RjUL
_bben
_cBD-RjUL
041 _aben
082 _223
_a297
_bTHM 1992
100 _aথানভী (রহঃ), আশরাফ আলী
_9144229
245 1 0 _aমোকাম্মাল বেহেশতী জেওর :
_bদ্বিতীয় জিলদ ৪র্থ-৭ম খণ্ড /
_c আশরাফ আলী থানভী (রহঃ)
250 _a২য় সং.
260 _aঢাকা :
_bতাজ কোম্পানী,
_c১৯৯২
300 _a৩২০ পৃ. ;
_c২৫ সেমি.
650 _aইসলাম
_9144230
650 _aIslam
_9144231
700 _aসাহেব, শামসুল হক, অনুবাদ
_9144232
942 _2ddc
_cBK
999 _c47423
_d47423